000 01036 a2200205 4500
003 Nust
005 20221223094249.0
010 _a 79015354
020 _a978-0-07-063441-1
040 _cNust
082 0 0 _a621.3848,SKO
100 1 _aSkolnik, Merrill Ivan,
_9105727
245 1 0 _aIntroduction to radar systems /
_cMerrill I. Skolnik.
250 _a2nd ed.
260 _aNew York :
_bMcGraw-Hill,
_cc1980.
300 _ax, 581 p. :
_bill. ;
_c24 cm.
505 _aThe Nature of Radar(Page-1), The Radar Equation (Page-15), CW and Frequency-Modulated Radar (Page-68), MTI and Pulse Doppler Radar (Page-101), Tracking Radar (Page-152), Radar Transmitters (Page-190), Radar Antennas (Page-223), The Electrically Streered Phased Array (Page-278), Receviers Display and Duplexers (Page-343), Delection of Radar Signal In Noise (Page-369), Extraction of Information and Waveform Design (Page-399), Propagation of radar waves (Page-441), Radar Clitter (Page-470), Other Radar Topics (Page-517).
650 0 _aRadar.
942 _2ddc
_cBK
999 _c189499
_d189499